[Event "Mumbai Aurionpro GM op"]
[Site "Mumbai"]
[Date "2025.06.18"]
[Round "3"]
[White "Paichadze, Luka"]
[Black "Jaiswal, Rupesh"]
[Result "1-0"]
[WhiteElo "2529"]
[BlackElo "2081"]
[PlyCount "41"]
[EventDate "2025.06.16"]
[EventType "swiss"]
[EventRounds "9"]
[EventCountry "IND"]
[SourceTitle "CB26_2025"]
[SourceDate "2025.06.25"]
[SourceVersion "1"]
[SourceVersionDate "2025.06.25"]
[SourceQuality "1"]

1. e4 c5 2. Nf3 d6 3. d4 cxd4 4. Qxd4 Nc6 5. Qe3 Nf6 6. h3 g6 7. Bc4 Bg7 8. 0-0 0-0 9. Rd1 Bd7 10. Nc3 a6 11. a4 Rc8 12. Qe2 Qc7 13. Bg5 Na5 14. Ba2 h6 15. Bxf6 exf6 16. Nd5 Qd8 17. Nf4 Kh7 18. Rxd6 Qc7 19. Qd2 Bxa4 20. b4 Nc6 21. Rd7 1-0

[Event "Titled Tuesday intern op 24th Sep Early"]
[Site "Chess.com INT"]
[Date "2024.09.24"]
[Round "11"]
[White "Jaiswal, Rupesh"]
[Black "Goryachkina, Aleksandra"]
[Result "0-1"]
[WhiteElo "2039"]
[BlackElo "2533"]
[PlyCount "28"]
[EventDate "2024.09.24"]
[EventType "swiss (blitz)"]
[EventRounds "11"]
[EventCountry "USA"]
[SourceTitle "EXT 2025"]
[Source "ChessBase"]
[SourceDate "2024.10.14"]
[SourceVersion "1"]
[SourceVersionDate "2024.10.14"]
[SourceQuality "1"]

1. e4 e6 2. d4 d5 3. Nd2 Be7 4. e5 c5 5. c3 Nc6 6. Ngf3 Qb6 7. dxc5 Bxc5 8. Qe2 Qc7 9. Nb3 Bb6 10. Bf4 Nge7 11. Nbd4 a6 12. h3 Bd7 13. Rc1 Ng6 14. Bg3 Nxd4 0-1

[Event "Titled Tuesday intern op 17th Sep Early"]
[Site "Chess,com INT"]
[Date "2024.09.17"]
[Round "3"]
[White "Korchmar, Vasiliy"]
[Black "Jaiswal, Rupesh"]
[Result "1-0"]
[WhiteElo "2429"]
[BlackElo "2039"]
[PlyCount "35"]
[EventDate "2024.09.17"]
[EventType "swiss (blitz)"]
[EventRounds "11"]
[EventCountry "USA"]
[SourceTitle "EXT 2025"]
[Source "ChessBase"]
[SourceDate "2024.10.14"]
[SourceVersion "1"]
[SourceVersionDate "2024.10.14"]
[SourceQuality "1"]

1. e4 c5 2. d4 cxd4 3. Qxd4 Nc6 4. Qd3 g6 5. Nc3 Bg7 6. Nf3 d6 7. Be2 Nf6 8. 0-0 0-0 9. Nd5 Nxd5 10. exd5 Ne5 11. Nxe5 Bxe5 12. c3 Bf5 13. Qd1 a6 14. a4 Bg7 15. a5 Qc7 16. Be3 Rac8 17. Re1 Qd7 18. g4 1-0

[Event "Titled Tuesday intern op 17th Sep Early"]
[Site "Chess,com INT"]
[Date "2024.09.17"]
[Round "1"]
[White "Pakleza, Zbigniew"]
[Black "Jaiswal, Rupesh"]
[Result "1-0"]
[WhiteElo "2483"]
[BlackElo "2039"]
[PlyCount "95"]
[EventDate "2024.09.17"]
[EventType "swiss (blitz)"]
[EventRounds "11"]
[EventCountry "USA"]
[SourceTitle "EXT 2025"]
[Source "ChessBase"]
[SourceDate "2024.10.14"]
[SourceVersion "1"]
[SourceVersionDate "2024.10.14"]
[SourceQuality "1"]

1. d4 Nf6 2. Nf3 g6 3. Bf4 Bg7 4. e3 0-0 5. Be2 d6 6. h3 b6 7. a4 a6 8. 0-0 Bb7 9. Bh2 Nbd7 10. c3 Ne4 11. Nbd2 Nxd2 12. Nxd2 Nf6 13. Bf3 Qc8 14. e4 c5 15. e5 dxe5 16. dxe5 Nd5 17. Nc4 Rd8 18. Qb3 Qe6 19. Nxb6 Qxb6 20. Qxb6 Nxb6 21. Bxb7 Ra7 22. Bc6 Rd2 23. b4 cxb4 24. cxb4 Rc7 25. b5 axb5 26. Bxb5 e6 27. a5 Nd5 28. a6 Ra7 29. Bc6 Bf8 30. Rfc1 Bb4 31. Bg3 Bc3 32. Ra4 Nb6 33. Rxc3 Nxa4 34. Bxa4 Rxa6 35. Rc8+ Kg7 36. Bb5 Ra1+ 37. Kh2 g5 38. h4 g4 39. h5 Rdd1 40. Bh4 Rh1+ 41. Kg3 Ra3+ 42. Kxg4 Rb3 43. Bf6+ Kh6 44. Bc4 Rb4 45. f4 Rxh5 46. g3 Rh1 47. Rg8 Rd1 48. Bg5# 1-0

[Event "Titled Tuesday intern op 03rd Sep Early"]
[Site "Chess.com INT"]
[Date "2024.09.03"]
[Round "10"]
[White "Jaiswal, Rupesh"]
[Black "Palencia Morales, Wilson Guillermo"]
[Result "1-0"]
[WhiteElo "2039"]
[BlackElo "2184"]
[PlyCount "69"]
[EventDate "2024.09.03"]
[EventType "swiss (blitz)"]
[EventRounds "11"]
[EventCountry "USA"]
[SourceTitle "EXT 2025"]
[Source "ChessBase"]
[SourceDate "2024.10.14"]
[SourceVersion "1"]
[SourceVersionDate "2024.10.14"]
[SourceQuality "1"]

1. e4 c5 2. Nf3 d6 3. Bb5+ Nd7 4. a4 Ngf6 5. Nc3 g6 6. a5 a6 7. Bc4 Bg7 8. Bxf7+ Kxf7 9. Ng5+ Kg8 10. Ne6 Qe8 11. Nc7 Qd8 12. Nxa8 Ne5 13. Nb6 Bg4 14. f3 Be6 15. 0-0 h5 16. d3 h4 17. Bg5 h3 18. g3 Ne8 19. Nbd5 Bf8 20. f4 Bg4 21. fxe5 Bxd1 22. Rxf8+ Kxf8 23. Bxe7+ Qxe7 24. Nxe7 Bh5 25. Ncd5 dxe5 26. Rf1+ Kg7 27. Ne3 Nf6 28. N7d5 Ng4 29. Nxg4 Bxg4 30. Rf6 Rd8 31. Rb6 Bc8 32. Ne3 Rf8 33. Nc4 Rf3 34. Rxg6+ Kh7 35. Rd6 1-0

[Event "Titled Tuesday intern op 03rd Sep Early"]
[Site "Chess.com INT"]
[Date "2024.09.03"]
[Round "6"]
[White "Jaiswal, Rupesh"]
[Black "Zhizmer, Yuri"]
[Result "1-0"]
[WhiteElo "2039"]
[BlackElo "2298"]
[PlyCount "101"]
[EventDate "2024.09.03"]
[EventType "swiss (blitz)"]
[EventRounds "11"]
[EventCountry "USA"]
[SourceTitle "EXT 2025"]
[Source "ChessBase"]
[SourceDate "2024.10.14"]
[SourceVersion "1"]
[SourceVersionDate "2024.10.14"]
[SourceQuality "1"]

1. e4 h6 2. d4 c6 3. Nd2 d5 4. e5 e6 5. Nb3 Nd7 6. Nf3 c5 7. dxc5 Nxc5 8. Nfd4 Nxb3 9. axb3 Ne7 10. Bd3 Nc6 11. Nxc6 bxc6 12. 0-0 a5 13. Qe2 Qb6 14. Bd2 Bb4 15. Ra4 Bxd2 16. Qxd2 0-0 17. Rfa1 Qc7 18. Qc3 c5 19. Rxa5 d4 20. Qe1 Rxa5 21. Rxa5 Bb7 22. Ra7 Qb8 23. Qa5 Bd5 24. Rc7 Rc8 25. Rxc5 Rd8 26. f4 g5 27. Rb5 Qa8 28. fxg5 hxg5 29. Qxa8 Rxa8 30. Rb4 Ra1+ 31. Kf2 Rd1 32. Rxd4 Rd2+ 33. Kf1 Kg7 34. b4 f6 35. exf6+ Kxf6 36. Rg4 e5 37. Ke1 Rxg2 38. Rxg2 Bxg2 39. Kf2 Bb7 40. Ke3 Ke6 41. Be4 Ba6 42. b3 Kd6 43. c4 Bc8 44. c5+ Kc7 45. b5 Be6 46. b6+ Kd7 47. b4 Bc4 48. c6+ Kd6 49. c7 Ba6 50. b5 Bc8 51. b7 1-0

[Event "Titled Tuesday intern op 03rd Sep Early"]
[Site "Chess.com INT"]
[Date "2024.09.03"]
[Round "11"]
[White "Teterev, Vitaly"]
[Black "Jaiswal, Rupesh"]
[Result "0-1"]
[WhiteElo "2257"]
[BlackElo "2039"]
[PlyCount "82"]
[EventDate "2024.09.03"]
[EventType "swiss (blitz)"]
[EventRounds "11"]
[EventCountry "USA"]
[SourceTitle "EXT 2025"]
[Source "ChessBase"]
[SourceDate "2024.10.14"]
[SourceVersion "1"]
[SourceVersionDate "2024.10.14"]
[SourceQuality "1"]

1. e4 c5 2. Nf3 d6 3. Bb5+ Nd7 4. a4 a6 5. Be2 Ngf6 6. Nc3 g6 7. 0-0 Bg7 8. a5 0-0 9. d3 b5 10. axb6 Bb7 11. Bg5 Nxb6 12. b3 d5 13. exd5 Nbxd5 14. Na4 Rc8 15. Qd2 Re8 16. Bh6 Bh8 17. h3 Nb4 18. Be3 Nfd5 19. Bxc5 Bxa1 20. Rxa1 Nc6 21. Qh6 e5 22. Nb6 Nd4 23. Nxd4 exd4 24. Nxc8 Qxc8 25. Bxd4 f6 26. Bf3 Qc7 27. Bxd5+ Bxd5 28. Bxf6 Bxg2 29. Rxa6 Bb7 30. Ra1 Re6 31. Bb2 Re2 32. Rc1 Rxf2 33. Kxf2 Qh2+ 34. Ke3 Qg3+ 35. Kd4 Qd6+ 36. Kc3 Qc6+ 37. Kd2 Qg2+ 38. Ke1 Qg1+ 39. Ke2 Qg2+ 40. Ke3 Qg3+ 41. Kd4 Qd6+ 0-1

[Event "Titled Tuesday intern op 16th Jul Early"]
[Site "Chess.com INT"]
[Date "2024.07.16"]
[Round "2"]
[White "Jaiswal, Rupesh"]
[Black "Bhandari, Krish"]
[Result "0-1"]
[WhiteElo "2039"]
[BlackElo "1995"]
[PlyCount "118"]
[EventDate "2024.07.16"]
[EventType "swiss (blitz)"]
[EventRounds "11"]
[EventCountry "USA"]
[SourceTitle "EXT 2025"]
[Source "ChessBase"]
[SourceDate "2024.10.14"]
[SourceVersion "1"]
[SourceVersionDate "2024.10.14"]
[SourceQuality "1"]

1. e4 e5 2. Nf3 Nc6 3. d4 exd4 4. Nxd4 d6 5. Nc3 Nf6 6. Nxc6 bxc6 7. f3 Be7 8. Bc4 0-0 9. 0-0 a5 10. Qd3 Bb7 11. Rd1 Nd7 12. Qe2 Bf6 13. Bf4 Qb8 14. Rab1 Ba6 15. Bxa6 Qb6+ 16. Be3 Qxa6 17. Qxa6 Rxa6 18. Bd4 Bd8 19. b3 Re8 20. a4 Nf8 21. Ne2 Ne6 22. Bb2 Bg5 23. Kf2 Kf8 24. g3 Nc5 25. h4 Bh6 26. Bd4 Ne6 27. Be3 Bxe3+ 28. Kxe3 Rb8 29. Nd4 Rab6 30. Rd3 Nc5 31. Rc3 g6 32. Rd1 Ke7 33. f4 Rb4 34. Nf3 Rxe4+ 35. Kf2 Re6 36. Nd4 Ne4+ 37. Kf3 Nxc3 38. Nxc6+ Kd7 39. Nxb8+ Kc8 40. Rd3 Kxb8 41. Rxc3 Re1 42. Re3 Rxe3+ 43. Kxe3 Kb7 44. f5 Kc6 45. Kf4 Kc5 46. c3 Kd5 47. g4 c5 48. fxg6 fxg6 49. Kg5 Ke4 50. Kh6 Kf3 51. h5 Kxg4 52. hxg6 hxg6 53. Kxg6 d5 54. Kf6 d4 55. b4 dxc3 56. bxa5 c2 57. a6 c1Q 58. a7 Qa1+ 59. Ke6 Qxa4 0-1

[Event "Titled Tuesday intern op 02nd Jul Early"]
[Site "Chess.com INT"]
[Date "2024.07.02"]
[Round "7"]
[White "Jaiswal, Rupesh"]
[Black "Tokhirjonova, Gulruhbegim"]
[Result "1-0"]
[WhiteElo "2039"]
[BlackElo "2390"]
[PlyCount "105"]
[EventDate "2024.07.02"]
[EventType "swiss (blitz)"]
[EventRounds "11"]
[EventCountry "USA"]
[SourceTitle "EXT 2025"]
[Source "ChessBase"]
[SourceDate "2024.10.14"]
[SourceVersion "1"]
[SourceVersionDate "2024.10.14"]
[SourceQuality "1"]

1. e4 e5 2. Nf3 Nc6 3. d4 exd4 4. Nxd4 Nf6 5. Nxc6 bxc6 6. e5 Qe7 7. Qe2 Nd5 8. c4 Ba6 9. Nd2 g6 10. Ne4 Bg7 11. Bg5 Qb4+ 12. Qd2 Qxd2+ 13. Kxd2 Nb6 14. Nf6+ Bxf6 15. Bxf6 0-0 16. c5 Bxf1 17. cxb6 Bxg2 18. Rhg1 Bd5 19. bxc7 Rac8 20. Be7 Rxc7 21. Bxf8 Kxf8 22. a3 Rb7 23. b4 Ke7 24. Rge1 Ke6 25. Kc3 Rb8 26. Rad1 a5 27. Rb1 a4 28. Kd4 Rb5 29. Rbc1 Bb3 30. Rc5 Rb8 31. Ra5 h5 32. Ra7 Rb5 33. Ra5 Rb8 34. Ke4 g5 35. Re3 Bc2+ 36. Kd4 Bb3 37. Rf3 Ke7 38. Rf5 Rg8 39. Rf6 h4 40. Rh6 Rd8 41. Ra7 Rb8 42. Rh7 Rg8 43. Rh6 Rb8 44. Rd6 Rd8 45. Ke4 Ke8 46. Kf5 Ke7 47. Kxg5 Be6 48. Kf4 f6 49. Rxc6 fxe5+ 50. Kxe5 Rf8 51. Rxe6+ Kd8 52. Ra8+ Kc7 53. Rxf8 1-0

[Event "Titled Tuesday intern op 02nd Jul Early"]
[Site "Chess.com INT"]
[Date "2024.07.02"]
[Round "10"]
[White "Jaiswal, Rupesh"]
[Black "Ziegler, Ari"]
[Result "0-1"]
[WhiteElo "2039"]
[BlackElo "2297"]
[PlyCount "68"]
[EventDate "2024.07.02"]
[EventType "swiss (blitz)"]
[EventRounds "11"]
[EventCountry "USA"]
[SourceTitle "EXT 2025"]
[Source "ChessBase"]
[SourceDate "2024.10.14"]
[SourceVersion "1"]
[SourceVersionDate "2024.10.14"]
[SourceQuality "1"]

1. e4 e6 2. d4 d5 3. exd5 exd5 4. Bd3 c5 5. c3 Nf6 6. Ne2 Bd6 7. Bg5 h6 8. Bxf6 Qxf6 9. 0-0 0-0 10. Nd2 Nc6 11. h3 Re8 12. dxc5 Bxc5 13. Nb3 Bb6 14. Bc2 Re5 15. Nbd4 Rg5 16. f4 Rh5 17. Rf3 Bd7 18. Qd2 Re8 19. Kh2 Bc7 20. Kg1 Bb6 21. Kh1 a6 22. Rd1 Na5 23. Bb3 Nxb3 24. axb3 Rh4 25. Ng1 Re4 26. Nge2 Ba7 27. Rdf1 g6 28. Re3 Kh7 29. Rxe4 dxe4 30. b4 Bxh3 31. gxh3 Rxh3+ 32. Kg1 Qh4 33. f5 Rh1+ 34. Kg2 Qh2# 0-1

[Event "Titled Tuesday intern op 02nd Jul Early"]
[Site "Chess.com INT"]
[Date "2024.07.02"]
[Round "3"]
[White "Skliarov, Viktor"]
[Black "Jaiswal, Rupesh"]
[Result "1-0"]
[WhiteElo "2345"]
[BlackElo "2039"]
[PlyCount "71"]
[EventDate "2024.07.02"]
[EventType "swiss (blitz)"]
[EventRounds "11"]
[EventCountry "USA"]
[SourceTitle "EXT 2025"]
[Source "ChessBase"]
[SourceDate "2024.10.14"]
[SourceVersion "1"]
[SourceVersionDate "2024.10.14"]
[SourceQuality "1"]

1. e4 c5 2. Nf3 d6 3. d4 cxd4 4. Qxd4 Nc6 5. Bb5 Bd7 6. Bxc6 Bxc6 7. Nc3 Nf6 8. Bg5 e6 9. 0-0-0 Be7 10. Rhe1 Qa5 11. Kb1 h6 12. Bh4 0-0-0 13. Qd2 Qb6 14. Nd4 g5 15. Bg3 Ng4 16. f3 Ne5 17. Nb3 Qc7 18. Bf2 Kb8 19. Qd4 b6 20. a4 f6 21. Nb5 Bxb5 22. axb5 d5 23. Qa4 dxe4 24. Qxe4 Rxd1+ 25. Rxd1 Rd8 26. Rxd8+ Qxd8 27. Nd4 Bc5 28. Qxe5+ fxe5 29. Nc6+ Kc8 30. Nxd8 Bxf2 31. Nxe6 Kd7 32. Ng7 Kd6 33. Nf5+ Kd5 34. Nxh6 Kd4 35. Nf5+ Kc5 36. c3 1-0

[Event "Titled Tuesday intern op 18th Jun Early"]
[Site "Chess.com INT"]
[Date "2024.06.18"]
[Round "3"]
[White "Jaiswal, Rupesh"]
[Black "Diaz Perez, Michel Alejandro"]
[Result "0-1"]
[WhiteElo "2055"]
[BlackElo "2486"]
[PlyCount "78"]
[EventDate "2024.06.18"]
[EventType "swiss (blitz)"]
[EventRounds "11"]
[EventCountry "USA"]
[SourceTitle "EXT 2025"]
[Source "ChessBase"]
[SourceDate "2024.10.14"]
[SourceVersion "1"]
[SourceVersionDate "2024.10.14"]
[SourceQuality "1"]

1. e4 Nf6 2. Qe2 e5 3. g3 Nc6 4. c3 g6 5. Bg2 Bg7 6. Nf3 0-0 7. 0-0 d5 8. d3 a5 9. h3 Re8 10. Rd1 h6 11. Na3 b6 12. Nb5 a4 13. c4 d4 14. Rb1 Nb4 15. b3 axb3 16. axb3 c6 17. Na3 Bf8 18. Nc2 Na2 19. Bd2 Bb7 20. Qe1 Nd7 21. Nb4 Qe7 22. Nxa2 Rxa2 23. Ra1 Rea8 24. Rxa2 Rxa2 25. b4 b5 26. Ra1 Rxa1 27. Qxa1 bxc4 28. dxc4 c5 29. bxc5 Nxc5 30. Ne1 Bxe4 31. Bxe4 Nxe4 32. Bc1 Qb4 33. Nf3 Qxc4 34. Nxe5 Qd5 35. Nd3 Nc3 36. Qb2 Qf3 37. Qd2 Ne2+ 38. Kf1 Nxg3+ 39. Kg1 Qh1# 0-1

[Event "Chennai op 14th"]
[Site "Chennai"]
[Date "2024.01.02"]
[Round "4"]
[White "Jaiswal, Rupesh"]
[Black "Tologontegin, Semetey"]
[Result "1/2-1/2"]
[WhiteElo "2131"]
[BlackElo "2384"]
[PlyCount "168"]
[EventDate "2023.12.31"]
[EventType "swiss"]
[EventRounds "10"]
[EventCountry "IND"]
[SourceTitle "CBM 218 Extra"]
[Source "ChessBase"]
[SourceDate "2024.03.31"]
[SourceVersion "1"]
[SourceVersionDate "2024.03.31"]
[SourceQuality "1"]

1. e4 g6 2. d4 Bg7 3. Nc3 c6 4. Be3 d5 5. e5 Nh6 6. f4 Qb6 7. Na4 Qa5+ 8. c3 Bf5 9. Be2 Be4 10. Nf3 Nf5 11. Bf2 Bxf3 12. Bxf3 h5 13. 0-0 e6 14. b4 Qc7 15. Nc5 Nd7 16. Nxd7 Qxd7 17. Be2 Bf8 18. Bd3 Be7 19. Qb3 0-0 20. Bxf5 exf5 21. Rab1 b5 22. a4 a5 23. axb5 cxb5 24. bxa5 Rxa5 25. Ra1 Ra4 26. Rab1 Rb8 27. Rfc1 Rb7 28. Qd1 Qc6 29. Rb3 Rc4 30. Qd3 b4 31. Rcb1 Kh7 32. Be1 Qb6 33. Bf2 Qa7 34. g3 Rb5 35. Kg2 Qa2 36. R1b2 Qa4 37. cxb4 Rbxb4 38. Rxb4 Bxb4 39. Qf3 Qc6 40. Rb1 Rc3 41. Qe2 Rc2 42. Qd3 Rd2 43. Qb3 Bc3 44. Rd1 Rb2 45. Qa3 Qc7 46. Rc1 Rxf2+ 47. Kxf2 Bxd4+ 48. Kg2 Qb7 49. Rd1 Ba7 50. Qf3 Qb2+ 51. Kh3 d4 52. Qg2 Qb3 53. Ra1 Bc5 54. Qa2 Qxa2 55. Rxa2 Bb4 56. Ra7 Kg8 57. Ra8+ Kg7 58. Rd8 Bc3 59. Kg2 Bb2 60. Kf3 Bc3 61. Ke2 Ba1 62. Kd3 Bc3 63. Kc4 Bb2 64. Kd5 h4 65. e6 fxe6+ 66. Kxe6 hxg3 67. hxg3 Bc3 68. Rd7+ Kh6 69. Kf7 Kh5 70. Rd6 Kg4 71. Kxg6 Be1 72. Rxd4 Bxg3 73. Rd5 Bxf4 74. Rxf5 Be3 75. Ra5 Bf2 76. Ra4+ Kg3 77. Kf5 Bc5 78. Rc4 Bb6 79. Rc3+ Kg2 80. Kf4 Ba7 81. Rc2+ Kh1 82. Kf3 Bb6 83. Kg3 Ba7 84. Rb2 Bc5 1/2-1/2

[Event "Meghalaya op 1st"]
[Site "Shillong"]
[Date "2023.12.20"]
[Round "10"]
[White "Jaiswal, Rupesh"]
[Black "Prashanth, J Naik"]
[Result "1/2-1/2"]
[WhiteElo "2131"]
[BlackElo "1641"]
[PlyCount "53"]
[EventDate "2023.12.13"]
[EventType "swiss"]
[EventRounds "10"]
[EventCountry "IND"]
[SourceTitle "CBM 217 Extra"]
[Source "ChessBase"]
[SourceDate "2024.01.31"]
[SourceVersion "1"]
[SourceVersionDate "2024.01.31"]
[SourceQuality "1"]

1. e4 d6 2. d4 Nf6 3. Nc3 Nbd7 4. Nf3 e5 5. Bc4 Be7 6. 0-0 c6 7. a4 Qc7 8. a5 h6 9. Re1 Rb8 10. h3 b5 11. axb6 axb6 12. Bf1 0-0 13. b3 Bb7 14. Bb2 Ra8 15. Qd3 b5 16. Rad1 Rfe8 17. Bc1 Bf8 18. dxe5 dxe5 19. Nh2 Nc5 20. Qf3 b4 21. Nb1 Ne6 22. Bd3 Nd4 23. Qg3 Kh8 24. Nf3 Nh5 25. Qg4 Nf6 26. Qg3 Nh5 27. Qg4 1/2-1/2

[Event "FIDE World Cup"]
[Site "Baku"]
[Date "2023.07.31"]
[Round "1.2"]
[White "Guseinov, Gadir"]
[Black "Jaiswal, Rupesh"]
[Result "1/2-1/2"]
[WhiteElo "2661"]
[BlackElo "2122"]
[PlyCount "131"]
[EventDate "2023.07.30"]
[EventType "k.o."]
[EventRounds "8"]
[EventCountry "AZE"]
[SourceTitle "CBM 216"]
[Source "ChessBase"]
[SourceDate "2023.10.31"]
[SourceVersion "1"]
[SourceVersionDate "2023.10.31"]
[SourceQuality "1"]

1. e4 c5 2. Nf3 d6 3. d4 cxd4 4. Nxd4 Nf6 5. Bb5+ Bd7 6. c4 g6 7. Bxd7+ Qxd7 8. Nc3 Bg7 9. h3 0-0 10. Be3 Rc8 11. b3 Nc6 12. 0-0 Qd8 13. Rc1 Qa5 14. Re1 a6 15. Qd3 Rab8 16. Nxc6 Rxc6 17. Nd5 Nxd5 18. exd5 Rc7 19. a4 Bb2 20. Bd2 Qc5 21. b4 Qd4 22. Qxd4 Bxd4 23. Re4 Be5 24. c5 f5 25. Re2 Rbc8 26. Be3 f4 27. Bd2 g5 28. h4 h6 29. hxg5 hxg5 30. Rce1 Kf7 31. g3 Kg6 32. gxf4 gxf4 33. Kg2 Rh8 34. Rxe5 dxe5 35. Rxe5 Rd7 36. Bxf4 Rhd8 37. Be3 Rxd5 38. Rxe7 R8d7 39. Re4 Kf5 40. Kf3 Rd3 41. Rh4 Ra3 42. b5 axb5 43. axb5 Rb3 44. b6 Ke6 45. Rh6+ Kd5 46. Rh5+ Kc6 47. Rf5 Re7 48. Rf6+ Kb5 49. Rf5 Rc3 50. Kf4 Rc4+ 51. Kg5 Rxe3 52. fxe3 Re4 53. Rf3 Kxc5 54. Kf5 Re8 55. Rh3 Kxb6 56. e4 Kc5 57. e5 b5 58. e6 b4 59. Kf6 Kc4 60. Kf7 Rb8 61. e7 b3 62. Rh2 Kc3 63. Rh3+ Kc2 64. Rxb3 Kxb3 65. e8Q Rxe8 66. Kxe8 1/2-1/2

[Event "FIDE World Cup"]
[Site "Baku"]
[Date "2023.07.30"]
[Round "1.1"]
[White "Jaiswal, Rupesh"]
[Black "Guseinov, Gadir"]
[Result "0-1"]
[WhiteElo "2122"]
[BlackElo "2661"]
[PlyCount "68"]
[EventDate "2023.07.30"]
[EventType "k.o."]
[EventRounds "8"]
[EventCountry "AZE"]
[SourceTitle "CBM 216"]
[Source "ChessBase"]
[SourceDate "2023.10.31"]
[SourceVersion "1"]
[SourceVersionDate "2023.10.31"]
[SourceQuality "1"]

1. e4 c5 2. Nf3 e6 3. g3 Nc6 4. Bg2 Nf6 5. Qe2 e5 6. 0-0 Be7 7. c3 0-0 8. Na3 Re8 9. d3 h6 10. Nc4 Bf8 11. Re1 d6 12. Ne3 d5 13. exd5 Nxd5 14. Nxd5 Qxd5 15. Nd4 Nxd4 16. Bxd5 Nxe2+ 17. Rxe2 Bd6 18. d4 cxd4 19. cxd4 Bg4 20. f3 Bh3 21. dxe5 Rad8 22. Bb3 Bxe5 23. Kf2 Bd4+ 24. Ke1 Rxe2+ 25. Kxe2 Re8+ 26. Kd3 Bb6 27. Bf4 g5 28. Bd2 Bf5+ 29. Kc4 Rc8+ 30. Kd5 Rd8+ 31. Ke5 Bg6 32. Bc3 Kg7 33. Bd5 f6+ 34. Ke6 Bf7+ 0-1

[Event "South Asia Council-ch"]
[Site "Godawari"]
[Date "2023.06.15"]
[Round "3"]
[White "Amer, Karim"]
[Black "Jaiswal, Rupesh"]
[Result "1-0"]
[WhiteElo "2046"]
[BlackElo "2146"]
[PlyCount "101"]
[EventDate "2023.06.14"]
[EventType "tourn"]
[EventRounds "9"]
[EventCountry "NEP"]
[SourceTitle "CBM 214 Extra"]
[Source "ChessBase"]
[SourceDate "2023.07.31"]
[SourceVersion "1"]
[SourceVersionDate "2023.07.31"]
[SourceQuality "1"]

1. d4 Nf6 2. c4 g6 3. Nc3 Bg7 4. e4 d6 5. Nf3 0-0 6. Be2 e5 7. Be3 Ng4 8. Bg5 f6 9. Bh4 Nc6 10. h3 exd4 11. Nxd4 Nge5 12. 0-0 Nxd4 13. Qxd4 Be6 14. f4 c5 15. Qd1 Nc6 16. Nb5 a6 17. Nxd6 Nd4 18. e5 Qb6 19. exf6 Qxd6 20. fxg7 Rxf4 21. Bg5 Nxe2+ 22. Qxe2 Qd4+ 23. Kh1 Rxf1+ 24. Rxf1 Qxc4 25. Qf2 Bf7 26. Bh6 Re8 27. Qf6 Qe6 28. Qf4 b5 29. a3 c4 30. Qd4 Qe7 31. Qb6 Qe2 32. Qf6 Qe6 33. Qc3 Qe2 34. Kg1 Qe5 35. Qa5 Qd4+ 36. Kh1 Qd6 37. Qc3 Qe5 38. Qf3 Qe6 39. Qf4 Qd5 40. Qc7 Qe6 41. Qa7 Rc8 42. Qd4 a5 43. Qc3 Qb6 44. Qe5 Qc6 45. Qe7 Qe8 46. Qb7 Rd8 47. Qc7 Qd7 48. Qxa5 Qd5 49. Qc7 Re8 50. Qf4 Re2 51. Qb8+ 1-0

[Event "South Asia Council-ch"]
[Site "Godawari"]
[Date "2023.06.14"]
[Round "1"]
[White "Mohammed Abdul, Malek"]
[Black "Jaiswal, Rupesh"]
[Result "0-1"]
[WhiteElo "2113"]
[BlackElo "2146"]
[PlyCount "56"]
[EventDate "2023.06.14"]
[EventType "tourn"]
[EventRounds "9"]
[EventCountry "NEP"]
[SourceTitle "CBM 214 Extra"]
[Source "ChessBase"]
[SourceDate "2023.07.31"]
[SourceVersion "1"]
[SourceVersionDate "2023.07.31"]
[SourceQuality "1"]

1. Nf3 Nf6 2. c4 g6 3. d4 Bg7 4. g3 0-0 5. Bg2 d6 6. 0-0 c5 7. Nc3 Nc6 8. dxc5 dxc5 9. Be3 Be6 10. Bxc5 Qa5 11. Be3 Bxc4 12. a3 Rfd8 13. Qc2 Nd5 14. Nxd5 Bxd5 15. Bd2 Qa6 16. Rfe1 Bxf3 17. exf3 Nd4 18. Qd1 Qb5 19. Bb4 Rac8 20. Rb1 Rc2 21. Kh1 e6 22. Bf1 Qb6 23. Be2 a5 24. Be7 Rd7 25. Bg5 Qc6 26. Bd3 Rxf2 27. Be4 Qb5 28. Rc1 Qxb2 0-1

[Event "Maharashtra op 2nd"]
[Site "Nagpur"]
[Date "2023.06.03"]
[Round "4"]
[White "Fedorov, Alexei"]
[Black "Jaiswal, Rupesh"]
[Result "1-0"]
[WhiteElo "2452"]
[BlackElo "2145"]
[PlyCount "49"]
[EventDate "2023.06.01"]
[EventType "swiss"]
[EventRounds "11"]
[EventCountry "IND"]
[SourceTitle "CBM 214 Extra"]
[Source "ChessBase"]
[SourceDate "2023.07.31"]
[SourceVersion "1"]
[SourceVersionDate "2023.07.31"]
[SourceQuality "1"]

1. e4 c5 2. Nf3 d6 3. d4 cxd4 4. Nxd4 Nf6 5. Nc3 a6 6. Nb3 e6 7. g4 h6 8. Bg2 Be7 9. f4 Qc7 10. Qe2 Nbd7 11. Be3 Rb8 12. h4 Nb6 13. g5 hxg5 14. hxg5 Rxh1+ 15. Bxh1 Nfd7 16. 0-0-0 Nc4 17. Ba7 Ra8 18. Bd4 g6 19. Bf3 b5 20. Rh1 b4 21. Rh8+ Nf8 22. Nd5 exd5 23. exd5 Bf5 24. Bf6 Ra7 25. Bg7 1-0

[Event "Dolakha Tamang Memorial"]
[Site "Dolakha"]
[Date "2023.05.22"]
[Round "8"]
[White "Apollosana Mangang, Rajkumar"]
[Black "Jaiswal, Rupesh"]
[Result "1/2-1/2"]
[WhiteElo "2079"]
[BlackElo "2014"]
[PlyCount "99"]
[EventDate "2023.05.19"]
[EventType "swiss"]
[EventRounds "9"]
[EventCountry "NEP"]
[SourceTitle "EXT 2024"]
[Source "ChessBase"]
[SourceDate "2023.10.10"]
[SourceVersion "1"]
[SourceVersionDate "2023.10.10"]
[SourceQuality "1"]

1. e4 c5 2. Nf3 d6 3. d4 cxd4 4. Nxd4 Nf6 5. Nc3 a6 6. Be3 e5 7. Nb3 Be7 8. f3 h5 9. Be2 Be6 10. Nd5 Nxd5 11. exd5 Bf5 12. 0-0 Nd7 13. Qd2 a5 14. a4 0-0 15. Bb5 Nc5 16. Nxa5 Rxa5 17. b4 Rxb5 18. axb5 Nd7 19. c4 Qc7 20. Rfc1 b6 21. Ra6 Rb8 22. Qc3 Kh7 23. Qa3 Rb7 24. Ra8 Kg6 25. Qc3 Bg5 26. g4 hxg4 27. fxg4 Bxg4 28. Bxg5 Kxg5 29. Qg3 f5 30. h3 Nf6 31. hxg4 Nxg4 32. Rh8 Rb8 33. Qh4+ Kg6 34. Qh5+ Kf6 35. Rf1 Ne3 36. Qh4+ Kf7 37. Qh5+ Kf6 38. Qh4+ Kf7 39. Rxb8 Qxb8 40. Rf3 f4 41. Rxf4+ exf4 42. Qxf4+ Kg6 43. Qxe3 Qd8 44. Qe6+ Kh5 45. Qh3+ Kg5 46. Qg3+ Kf6 47. Qf4+ Kg6 48. Qg4+ Kh6 49. Qh3+ Kg5 50. Qg3+ 1/2-1/2